000 00702nam a2200241Ia 4500
003 OSt
005 20221006145103.0
006 a|||||r|||| 00| 0
007 ta
008 221006b |||||||| |||| 00| 0 eng d
020 _c35.00
024 _a13,741
037 _cTextual
040 _aEASL
_cEASL
_beng
041 _2eng
_aeng
082 _aV58:1944.N29, L8
100 _aSAREEN Tilak Raj
245 0 _aRussian revolution and India
_b Study of Soviet policy towards Indian national movement 1922-29
260 _aNew Delhi
_bSterling Pub.
_c1978
300 _a164p.
_ccm.
942 _hV58:1944.N29, L8
_cTEXL
_2CC
999 _c1081827
_d1081827